| 000 | 01213nam a22002777a 4500 | ||
|---|---|---|---|
| 999 |
_c9822 _d9822 |
||
| 003 | AR-CdUCM | ||
| 008 | 190328b ||||| |||| 00| 0 spa d | ||
| 040 |
_aMUNICIPALIDAD PROVINCIAL DEL CUSCO _cBIBLIOTECA MUNICIPAL DEL CUSCO |
||
| 082 |
_a320.944 / _bSI52 / 1943 |
||
| 100 |
_aSieyès _926285 |
||
| 245 | _a¿Qué es el tercer estado? / | ||
| 260 |
_aBuenos Aires : _bAmericalee, _c1943. |
||
| 300 |
_a161 páginas ; _c20 cm. |
||
| 440 |
_aLos clásicos polítcos. _n4 _926286 |
||
| 505 | _aContenido : El tercer estado es una nación completa -- ¿Qué ha sido hasta ahora del tercer estado? nada -- ¿Qué pide el tercer estado? llegar a ser algo -- Lo que el gobierno ha intentado y lo que los privilegiados proponen a favor del tercero - Lo que hubiera debido hacerce. Principios a este respecto -- Lo que resta hacer. Desarrollo de algunos principios. | ||
| 650 |
_aFrancia _91444 |
||
| 650 |
_aPolítica y gobierno _92693 |
||
| 650 |
_aBurguesía _912355 |
||
| 650 |
_aSiglo XVIII _9837 |
||
| 650 |
_aHistoria _9136 |
||
| 650 |
_aAspectos sociales _9262 |
||
| 650 |
_aRevolución, 1789-1793 _926287 |
||
| 700 |
_aAyala, Francisco (notas) _926288 |
||
| 942 |
_2ddc _cLIBROS |
||
| 945 |
_apjha _d2019-05-13 |
||